KOHA-Header-6

Mastering Business Law (Record no. 5933)

000 -LEADER
fixed length control field 00252nam a2200109Ia 4500
008 - FIXED-LENGTH DATA ELEMENTS--GENERAL INFORMATION
fixed length control field 190906s9999||||xx |||||||||||||| ||und||
100 ## - MAIN ENTRY--PERSONAL NAME
Personal name Terry Price
245 #0 - TITLE STATEMENT
Title Mastering Business Law
260 ## - PUBLICATION, DISTRIBUTION, ETC. (IMPRINT)
Place of publication, distribution, etc Lodon
Name of publisher, distributor, etc Macmillan
Date of publication, distribution, etc 1995
300 ## - PHYSICAL DESCRIPTION
Extent 315
942 ## - ADDED ENTRY ELEMENTS (KOHA)
Koha item type Books
Holdings
Withdrawn status Lost status Damaged status Not for loan Collection code Permanent Location Current Location Shelving location Date acquired Full call number Barcode Date last seen Price effective from Koha item type
        Law MAJU MAJU Shelf No.A46 2019-09-06 940.2.6 862 2019-09-06 2019-09-06 Law

Powered by Koha